000 12543nam a22007937a 4500
005 20081107125036.0
008 081107t xxu||||| |||| 00| 0 hin d
010 _aHIN-84785 B-312692-731
020 _c150.00
_a9788187779896
035 _aHN-57131
035 _aB-312692-731
035 _a
037 _bDBAD / PUB
037 _bअनुराग प्रकाशन
040 _aDPL
_bHN
082 _a915.41604
100 _aधस्माना, मंगतराम
245 _aदिल्ली के पर्यटन स्थल /
_cमंगतराम धस्माना
246 _aDelhi Ke Paryatan Sthala
_bby Mangatram Dhasmana
260 _aनई दिल्ली
_bअनुराग प्रकाशन
_c2008
270 _a4760-61, द्वितीय तल,23 अंसारी रोड, दरियागंज
_bनई दिल्ली
_e110002
300 _a128 पृ
_c22सेमी (सजिल्द)
650 _aपर्यटन
_zभारत
_zदिल्ली
650 _aTourism
_zIndia
_zDelhi
942 _2ddc
_cHN
_mधस्माना
_h915.41604
999 _c18255
_d18255